000 00406nam a2200145Ia 4500
008 220331s9999||||xx |||||||||||||| ||und||
020 _a9788131529041
082 _a620.0042 HAI
100 _aHaik, Yousef and shahin, Tamer, M.
_913193
245 0 _aEngineering design process
250 _a2nd
260 _aNew Delhi
_bCengage
_c2016
300 _aXVI, 287p.
_b550
650 _aEngineering Drawing
_913194
999 _c189464
_d189464